000
00298nam a2200121Ia 4500
008
230907s9999||||xx |||||||||||||| ||und||
082
_a
869.342
_b
COE
245
0
_a
Adultery /
260
_a
Vintage Books,
_b
New Delhi :
_c
2014
300
_a
272 p.
650
_a
English Literature
_9
318
942
_c
BK
999
_c
599804
_d
599804